[Event "IM Marmaris Karia X 2019"]
[Site "Marmaris"]
[Date "2019.09.02"]
[Round "7.2"]
[White "Kizilkus, Akin"]
[Black "Abdulov, Orkhan"]
[Result "1/2-1/2"]
[WhiteElo "2376"]
[BlackElo "2384"]
[Annotator "TA"]
[PlyCount "46"]
[EventDate "2019.09.02"]
[EventType "schev"]
[EventCountry "TUR"]
[SourceTitle "playchess.com"]
[Source "ChessBase"]
[SourceQuality "1"]

{[%evp 18,46,12,0,20,30,24,22,22,35,34,47,25,38,56,0,0,0,0,0,0,0,0,0,25,0,0,0,18,0,0]} 1. d4 Nf6 2. c4 e6 3. Nc3 b6 4. e3 Bb7 5. Nf3 Bb4 6. Bd3 O-O 7. O-O d5 8. cxd5 exd5 9. a3 Bxc3 10. bxc3 c5 {E52: Nimzo-Indian: Rubinstein: 4...0-0 5 Nf3 d5 6 Bd3 b6} (10... Nbd7 11. a4 Ne4 12. a5 c5 13. a6 Bc6 14. Bb2 Qe7 15. Qe2 Rac8 16. c4 Rfd8 17. Rfd1 h6 18. dxc5 Ndxc5 {½-½ (98) Kulaots,K (2582)-Yakubboev,N (2462) Moscow 2018}) 11. dxc5 bxc5 12. c4 dxc4 13. Bxc4 Qe7 $146 ({Predecessor:} 13... Qxd1 14. Rxd1 Nbd7 15. Bb2 Nb6 16. Be2 Nfd7 17. a4 Bc6 {½-½ (60) Giuriato,S (1961)-Pedrotti,L (1801) Arco 2011}) 14. Bb2 Nbd7 15. Rc1 Nb6 16. Qe2 (16. Bd3 $14) 16... Nxc4 $11 17. Qxc4 Ne4 18. Rfd1 Rad8 19. Ne5 Qh4 20. Qc2 Qe7 21. Qc4 Qh4 {The position is equal.} 22. Qc2 Qe7 23. Qc4 Qh4 {Accuracy: White = 59%, Black = 76%.} 1/2-1/2

[Event "IM Marmaris Karia X 2019"]
[Site "Marmaris"]
[Date "2019.09.02"]
[Round "7.3"]
[White "Caglar, Sila"]
[Black "Darban, Morteza"]
[Result "0-1"]
[WhiteElo "2242"]
[BlackElo "2283"]
[Annotator "NA"]
[PlyCount "68"]
[EventDate "2019.09.02"]
[EventType "schev"]
[EventCountry "TUR"]
[SourceTitle "playchess.com"]
[Source "ChessBase"]
[SourceQuality "1"]
[TimeControl "5400+30"]

1. e4 {[%emt 0:00:30]} e6 {[%emt 0:00:30]} 2. d4 {[%emt 0:00:00]} d5 {[%emt 0:00:30]} 3. Nd2 {[%emt 0:00:00]} Nf6 {[%emt 0:00:30]} 4. Bd3 {[%emt 0:00:30]} c5 {[%emt 0:00:30]} 5. c3 {[%emt 0:00:00]} cxd4 {[%emt 0:00:30]} 6. cxd4 {[%emt 0:00:00]} dxe4 {[%emt 0:00:00]} 7. Nxe4 {[%emt 0:00:30]} Be7 {[%emt 0:00:00]} 8. Nf3 {[%emt 0:00:30]} O-O {[%emt 0:00:30]} 9. O-O {[%emt 0:02:30]} Nc6 {[%emt 0:00:30]} 10. Nc3 {[%emt 0:01:30]} a6 {[%emt 0:03:30]} 11. a3 {[%emt 0:08:30]} b5 $11 {[%emt 0:02:30]} 12. b4 {[%emt 0:02:30]} Bb7 {[%emt 0:02:30]} 13. Be3 {[%emt 0:00:30]} Rc8 {[%emt 0:09:30]} 14. Rc1 {[%emt 0:02:30]} Nb8 {[%emt 0:00:30]} 15. Bb1 {[%emt 0:07:30]} Nbd7 {[%emt 0:31:30]} 16. Bg5 {[%emt 0:13:30]} Nb6 {[%emt 0:04:30]} 17. Qd3 {[%emt 0:00:30]} g6 {[%emt 0:00:30]} 18. Ne5 {[%emt 0:10:30]} Nc4 {[%emt 0:17:30]} 19. Nxc4 {[%emt 0:01:30]} Rxc4 {[%emt 0:00:30]} 20. Be3 {[%emt 0:00:30]} Qd6 {[%emt 0:01:30]} 21. f3 {[%emt 0:01:30]} Rfc8 {[%emt 0:03:05]} 22. Ne4 {[%emt 0:04:30]} Nxe4 {[%emt 0:03:30]} 23. fxe4 {[%emt 0:00:00]} f5 {[%emt 0:08:17]} 24. exf5 {[%emt 0:03:00]} gxf5 {[%emt 0:00:02]} 25. Ba2 {[%emt 0:08:30]} Be4 {[%emt 0:01:34]} 26. Qd1 {[%emt 0:02:30]} Rxc1 {[%emt 0:01:13]} 27. Bxc1 {[%emt 0:00:00]} Rc2 {[%emt 0:01:31]} 28. Rf2 {[%emt 0:00:00]} Rxf2 {[%emt 0:00:32]} 29. Kxf2 {[%emt 0:00:30]} Qxh2 {[%emt 0:00:11]} 30. Bxe6+ {[%emt 0:02:30]} Kg7 {[%emt 0:01:34]} 31. d5 {[%emt 0:05:30]} Qxg2+ {[%emt 0:01:08]} 32. Ke3 {[%emt 0:00:30]} Qg3+ {[%emt 0:00:36]} 33. Kd4 {[%emt 0:00:30]} Bf6+ {[%emt 0:00:08]} 34. Kc5 {[%emt 0:00:00]} Qc7# {[%emt 0:00:08]} 0-1

[Event "IM Marmaris Karia X 2019"]
[Site "Marmaris"]
[Date "2019.09.02"]
[Round "7.4"]
[White "Sahin, Ozgun"]
[Black "Rakhmangulova, Anastasiya"]
[Result "0-1"]
[WhiteElo "2205"]
[BlackElo "2204"]
[Annotator "ChessBase"]
[PlyCount "131"]
[EventDate "2019.09.02"]
[EventType "schev"]
[EventCountry "TUR"]
[SourceTitle "playchess.com"]
[Source "ChessBase"]
[SourceQuality "1"]
[TimeControl "5400+30"]

1. e4 {[%emt 0:00:30]} d5 {[%emt 0:00:30]} 2. exd5 {[%emt 0:00:00]} Qxd5 {[%emt 0:00:00]} 3. Nc3 {[%emt 0:00:00]} Qd6 {[%emt 0:00:00]} 4. Nf3 {[%emt 0:00:00]} Nf6 {[%emt 0:00:00]} 5. d4 {[%emt 0:00:00]} g6 {[%emt 0:01:00]} 6. Ne5 {[%emt 0:00:30]} Bg7 {[%emt 0:00:30]} 7. f4 {[%emt 0:01:30]} O-O {[%emt 0:02:30]} 8. g4 {[%emt 0:10:30]} c5 {[%emt 0:18:30]} 9. d5 {[%emt 0:06:30]} Nbd7 {[%emt 0:05:30]} 10. Nc4 {[%emt 0:00:30]} Qb8 {[%emt 0:00:30]} 11. Qf3 {[%emt 0:11:30]} Nb6 {[%emt 0:23:30]} 12. Ne3 {[%emt 0:00:30]} e6 {[%emt 0:07:30]} 13. dxe6 {[%emt 0:00:30]} fxe6 {[%emt 0:00:30]} 14. Bg2 {[%emt 0:02:30]} Nfd5 {[%emt 0:09:30]} 15. Nexd5 {[%emt 0:04:30]} exd5 {[%emt 0:00:30]} 16. O-O {[%emt 0:01:30]} Be6 {[%emt 0:00:30]} 17. f5 {[%emt 0:14:30]} gxf5 {[%emt 0:01:30]} 18. gxf5 {[%emt 0:01:30]} Rxf5 {[%emt 0:06:59]} 19. Bf4 {[%emt 0:00:30]} Qe8 {[%emt 0:01:29]} 20. Rae1 {[%emt 0:01:30]} Qg6 {[%emt 0:00:13]} 21. Kh1 {[%emt 0:03:30]} Raf8 {[%emt 0:01:21]} 22. Ne2 {[%emt 0:06:30]} R5f7 {[%emt 0:03:45]} 23. Rf2 {[%emt 0:10:30]} Bg4 {[%emt 0:05:36]} 24. Qg3 {[%emt 0:00:00]} Re8 {[%emt 0:00:04]} 25. Bc7 {[%emt 0:08:04]} Rxf2 {[%emt 0:05:29]} 26. Qxf2 {[%emt 0:00:03]} Qe6 {[%emt 0:01:42]} 27. Bf3 {[%emt 0:08:11]} Bxf3+ {[%emt 0:01:58]} 28. Qxf3 {[%emt 0:00:02]} Nc4 {[%emt 0:00:34]} 29. Bg3 {[%emt 0:00:52]} Nd2 {[%emt 0:01:11]} 30. Qd3 {[%emt 0:00:54]} Qe4+ {[%emt 0:01:11]} 31. Qxe4 {[%emt 0:00:05]} Nxe4 {[%emt 0:00:06]} 32. Rd1 {[%emt 0:00:56]} d4 {[%emt 0:00:39]} 33. Kg2 {[%emt 0:01:20]} Nd6 {[%emt 0:00:15]} 34. Nf4 {[%emt 0:02:18]} Nc4 {[%emt 0:00:11]} 35. Kf3 {[%emt 0:00:19]} Re3+ {[%emt 0:01:19]} 36. Kg4 {[%emt 0:00:11]} Re7 {[%emt 0:00:06]} 37. Rb1 {[%emt 0:01:55]} Ne3+ {[%emt 0:00:44]} 38. Kf3 {[%emt 0:00:01]} c4 {[%emt 0:00:35]} 39. Rc1 {[%emt 0:01:01]} b5 {[%emt 0:00:52]} 40. b3 {[%emt 0:01:08]} Nf5 {[%emt 0:00:04]} 41. Bf2 {[%emt 0:00:52]} Rf7 {[%emt 0:00:10]} 42. bxc4 {[%emt 0:01:24]} bxc4 {[%emt 0:00:02]} 43. Rb1 {[%emt 0:00:06]} h6 {[%emt 0:00:43]} 44. Rb8+ {[%emt 0:00:29]} Kh7 {[%emt 0:00:04]} 45. Rc8 {[%emt 0:01:11]} Be5 {[%emt 0:01:28]} 46. Bg3 {[%emt 0:00:24]} Ne7 {[%emt 0:00:35]} 47. Rxc4 {[%emt 0:01:19]} Ng6 {[%emt 0:00:03]} 48. Ke4 {[%emt 0:00:05]} Bxf4 {[%emt 0:00:04]} 49. Rxd4 {[%emt 0:00:08]} Re7+ {[%emt 0:00:51]} 50. Kf5 {[%emt 0:00:29]} Re5+ {[%emt 0:01:14]} 51. Kg4 {[%emt 0:00:05]} h5+ {[%emt 0:00:07]} 52. Kf3 {[%emt 0:01:17]} Bxg3 {[%emt 0:00:03]} 53. hxg3 {[%emt 0:00:03]} Rc5 {[%emt 0:00:48]} 54. Rd7+ {[%emt 0:00:09]} Kh6 {[%emt 0:00:04]} 55. Rxa7 {[%emt 0:00:09]} Rxc2 {[%emt 0:00:03]} 56. Ra5 {[%emt 0:00:39]} Rc3+ {[%emt 0:00:40]} 57. Kg2 {[%emt 0:00:06]} Ne7 {[%emt 0:01:04]} 58. Kh3 {[%emt 0:01:44]} Kg6 {[%emt 0:00:24]} 59. Ra8 {[%emt 0:00:51]} Kg5 {[%emt 0:01:03]} 60. Re8 {[%emt 0:00:19]} Ng6 {[%emt 0:00:05]} 61. Kg2 {[%emt 0:01:15]} Rc2+ {[%emt 0:00:02]} 62. Kf3 {[%emt 0:00:03]} Rxa2 {[%emt 0:00:03]} 63. Re3 {[%emt 0:00:30]} Kf5 {[%emt 0:00:25]} 64. Rb3 {[%emt 0:00:44]} Ne5+ {[%emt 0:00:05]} 65. Ke3 {[%emt 0:00:03]} Ra3 {[%emt 0:00:10]} 66. Kd4 {[%emt 0:01:28]} 0-1

[Event "IM Marmaris Karia X 2019"]
[Site "Marmaris"]
[Date "2019.09.02"]
[Round "7.5"]
[White "Altun, Arda"]
[Black "Nagy, Gabor"]
[Result "1/2-1/2"]
[WhiteElo "2151"]
[BlackElo "2484"]
[Annotator "TA"]
[PlyCount "113"]
[EventDate "2019.09.02"]
[EventType "schev"]
[EventCountry "TUR"]
[SourceTitle "playchess.com"]
[Source "ChessBase"]
[SourceQuality "1"]

{[%evp 12,113,-6,-17,0,-23,-9,-13,0,0,-9,0,0,-5,19,-7,-2,-22,-2,0,0,-12,-6,-10,79,69,122,118,118,0,0,0,0,0,0,-13,0,0,97,8,8,10,7,8,104,103,109,5,201,169,386,0,90,0,0,0,0,0,0,0,0,0,0,0,94,94,154,-702,150,0,142,127,125,110,310,300,423,171,172,190,197,194,192,150,155,130,134,134,134,129,131,119,130,122,123,141,114,80,76,8,8,8,8,8]} 1. e4 c5 2. Nf3 e6 3. g3 Nc6 4. Bg2 Nf6 5. d3 d5 6. Nbd2 Be7 7. O-O h6 {C00: French: Unusual White 2nd moves} (7... O-O 8. Re1 b5 9. a4 b4 10. e5 Nd7 11. Nf1 b3 12. c4 dxc4 13. dxc4 Rb8 14. Bd2 Qc7 15. Bc3 Rd8 16. N1d2 Bb7 17. Qe2 Ba8 {1-0 (57) Malakhov,V (2654)-Salgado Lopez,I (2624) Germany 2019}) 8. h4 b6 9. Re1 Bb7 10. exd5 $146 ({Predecessor:} 10. e5 Nd7 11. h5 Qc7 12. Qe2 O-O-O 13. Nf1 Kb8 14. a3 Nd4 15. Nxd4 cxd4 16. b4 Rc8 {1-0 (29) Kurayan,R (2411)-Hain,G (1977) Frankenthal 2015}) 10... exd5 11. Nf1 O-O 12. Ne3 Bc8 13. b3 Be6 14. Bb2 Qc7 15. d4 Rad8 16. Qe2 Rfe8 17. Rad1 Ne4 (17... Ng4 $11 {remains equal.}) 18. c4 $16 Nxd4 (18... Nf6 $14) 19. Nxd4 cxd4 20. Rxd4 (20. Bxd4 $16 Bb4 21. Rf1 (21. Nxd5 Bxd5 22. cxd5 Bxe1 $17) (21. cxd5 Bxe1 22. Bxe4 Bh3 $16)) 20... Bc5 $11 21. cxd5 Bxd4 22. Bxd4 Bc8 23. Qb2 f5 24. Rc1 Qe7 (24... Qf7 $11) 25. Bxe4 (25. Rxc8 $1 $16 Rxc8 26. Nxf5 {[%mdl 64] Double Attack}) 25... fxe4 26. Rc6 $36 {[%mdl 2048] Rg6 is the strong threat. White is more active.} Qf7 27. h5 Kh7 (27... Rxd5 $1 $11 28. Nxd5 Qxd5) 28. Rg6 $1 $16 {[%cal Rg6g7][%mdl 1024] White has strong compensation.} Rg8 29. d6 ({Better is} 29. Be5 $16) 29... Be6 $2 (29... Rde8 $11 {and Black has nothing to worry.}) 30. Be5 $1 $18 Rd7 $2 (30... Rc8) 31. Ng2 $2 ({White must play} 31. g4 $18) 31... Bf5 (31... Bh3 $11 32. Nh4 Qd5) 32. Nf4 ({White should try} 32. Nh4 $1 $16) 32... Qe8 33. g4 Bxg6 34. hxg6+ Kh8 {[#] And now ...Qd8 would win.} 35. g5 $1 {[%cal Rg5h6][%mdl 512]} Qd8 $1 {[%cal Rd8g5]} (35... hxg5 36. f3 $1 {[%mdl 512]} Rf8 37. Qh2+ Kg8 38. Qh7#) 36. Ne6 Qe8 {[%mdl 64] Double Attack} 37. Nf4 {Hoping for gxh6.} Rxd6 (37... hxg5 38. f3 $1 {[%mdl 512]} Rf8 39. Qh2+ Kg8 40. Qh7#) (37... Qd8 $1 $11 {keeps the balance.} 38. Ne6 Qe8 {[%mdl 64] Double Attack} 39. Nf4) 38. Bxd6 $16 {Strongly threatening gxh6.} Qd7 (38... Qd8 $142 39. Qe5 Re8) 39. Ne6 $2 (39. Qd4 $16 Qg4+ 40. Ng2) 39... Qe8 $2 ({Black should play} 39... Qxd6 $19 40. Nd4 Rd8) 40. Nf4 Qd7 $1 {[%cal Rd7d6]} 41. Qe5 {Threatens to win with gxh6.} Qg4+ 42. Kh2 {aiming for gxh6.} hxg5 $2 (42... Qxg5 $16 43. Qxg5 hxg5) 43. Nh3 $1 $18 Rd8 {[#]} (43... Ra8 $142 44. a3 (44. Nxg5 Qh5+ 45. Kg2 Qxg6 $18) (44. Qxg5 Qxg5 45. Nxg5 Re8 $18) 44... e3 45. Qxe3 Qf5 46. Qxg5 Qxg5 47. Nxg5 Kg8) 44. Qxg5 (44. Qe7 $142 $1 {[%cal Re7d8]} Rg8 {[#]} 45. Be5 $1 {[%mdl 512]} (45. Nxg5 Qh5+ 46. Kg3 Qxg6 $18) (45. Qxg5 Qxg5 46. Nxg5 Rc8 $18) (45. Qxa7 Qh5 $11)) 44... Qxg5 45. Nxg5 {Black must now prevent Nf7+.} Kg8 46. Nxe4 Re8 47. f3 Re6 48. Kg3 Rxg6+ 49. Kf2 Kf7 50. a4 Ke6 51. Ke3 Kd5 52. Bf8 Rg2 53. Nc3+ Kc6 54. b4 g5 55. a5 (55. Ne2 $16) 55... bxa5 $11 56. bxa5 g4 57. fxg4 {Accuracy: White = 34%, Black = 35%.} 1/2-1/2

[Event "IM Marmaris Karia X 2019"]
[Site "Marmaris"]
[Date "2019.09.02"]
[Round "8.1"]
[White "Abdulov, Orkhan"]
[Black "Tarlabasi, Emirhan"]
[Result "1/2-1/2"]
[WhiteElo "2384"]
[BlackElo "2341"]
[Annotator "TA"]
[PlyCount "60"]
[EventDate "2019.09.02"]
[EventType "schev"]
[EventCountry "TUR"]
[SourceTitle "playchess.com"]
[Source "ChessBase"]
[SourceQuality "1"]

{[%evp 13,60,4,7,7,7,4,25,21,21,18,18,19,41,12,7,10,6,7,36,-1,0,0,0,0,0,0,0,0,0,0,0,0,0,-8,-5,-25,0,0,0,2,3,0,4,0,0,0,0,0,0]} 1. c4 e6 2. d4 d5 3. Nc3 Be7 4. Nf3 Nf6 5. Bf4 O-O 6. e3 b6 7. cxd5 Nxd5 8. Nxd5 {D37: Queen's Gambit Declined: 5 Bf4} Qxd5 9. a3 Bd6 (9... Ba6 10. Bxa6 Nxa6 11. b4 Bd6 12. Bg3 Nb8 13. Qd3 b5 14. e4 Qb7 15. d5 exd5 {½-½ (44) Caruana,F (2818)-Anand,V (2756) Saint Louis 2019}) 10. Bxd6 {White has an edge.} cxd6 11. Rc1 Ba6 $146 ({Predecessor:} 11... Nd7 12. Qa4 Qa5+ 13. Qxa5 bxa5 {0-1 (36) Sargsyan,S (2486)-Petrosian,T (2598) Yerevan 2019}) 12. Bxa6 Qa5+ 13. Nd2 Qxa6 14. Qe2 Qb7 15. O-O Nc6 {[%cal Bb8c6,Bc6e7,Be7c8,Bc8d6][%mdl 32]} 16. Qf3 d5 17. Rc3 Rac8 18. Rfc1 Qd7 19. Qe2 {Black should prevent Qb5.} Ne7 20. Qa6 Rxc3 21. Rxc3 Rc8 22. Rxc8+ Nxc8 23. Kf1 Nd6 24. Ke2 Qb5+ 25. Qxb5 {The position is equal.} Nxb5 $11 {KN-KN} 26. Kd3 Kf8 27. a4 Nc7 28. b4 Ke7 29. b5 Kd6 30. f4 h6 {Accuracy: White = 62%, Black = 57%.} 1/2-1/2

[Event "IM Marmaris Karia X 2019"]
[Site "Marmaris"]
[Date "2019.09.02"]
[Round "8.2"]
[White "Darban, Morteza"]
[Black "Kizilkus, Akin"]
[Result "1-0"]
[WhiteElo "2283"]
[BlackElo "2376"]
[Annotator "TA"]
[PlyCount "53"]
[EventDate "2019.09.02"]
[EventType "schev"]
[EventCountry "TUR"]
[SourceTitle "playchess.com"]
[Source "ChessBase"]
[SourceQuality "1"]

{[%evp 14,53,22,10,28,21,70,59,58,31,49,35,37,37,40,47,49,50,54,50,107,50,135,116,131,118,159,98,369,372,1516,1386,29975,29976,29976,29977,29977,29978,29978,29978,29995,29996]} 1. c4 Nf6 2. Nc3 g6 3. g3 d5 4. cxd5 Nxd5 5. Bg2 Nb6 6. d3 Bg7 7. Be3 O-O 8. Qd2 N8d7 {A16: English Opening: 1...Nf6 with ...d5} 9. Bh6 Nf6 10. Bxg7 Kxg7 {White is slightly better.} 11. Nf3 Re8 12. O-O e5 13. b4 Bg4 14. Qb2 Qd7 {[#]} 15. Rfc1 $146 ({Predecessor:} 15. Rfd1 Rad8 16. a4 {½-½ (53) Vorontsov,P (2553)-He,A (2339) Las Vegas 2019}) 15... Qe7 16. a4 {[%cal Ba2a4,Ba4a5][%mdl 32]} Rad8 (16... a6 $14) 17. b5 (17. a5 $16 Nbd5 18. Nxd5 Rxd5 19. a6) 17... Kg8 (17... c6 $14) 18. a5 $16 Nc8 19. Ra4 Bd7 20. Ne4 ({White should try} 20. a6) 20... c6 $2 {[%mdl 8192] [#]} (20... Nxe4 $16 21. Rxe4 f6) 21. Nxe5 $1 $18 {[%mdl 512]} cxb5 $2 {[#]} (21... Nxe4 22. Rxe4 Qf6) (21... Qxe5 22. Nxf6+) 22. Nxg6 $1 {[%mdl 512]} fxg6 23. Nxf6+ {[%mdl 64] Discovered Attack. White mates.} Kf7 24. Bd5+ Be6 25. Bxe6+ Qxe6 26. Rf4 g5 27. Nh5+ {Accuracy: White = 70%, Black = 21%.} 1-0

[Event "IM Marmaris Karia X 2019"]
[Site "Marmaris"]
[Date "2019.09.02"]
[Round "8.3"]
[White "Rakhmangulova, Anastasiya"]
[Black "Caglar, Sila"]
[Result "1/2-1/2"]
[WhiteElo "2204"]
[BlackElo "2242"]
[Annotator "ChessBase"]
[PlyCount "100"]
[EventDate "2019.09.02"]
[EventType "schev"]
[EventCountry "TUR"]
[SourceTitle "playchess.com"]
[Source "ChessBase"]
[SourceQuality "1"]
[TimeControl "5400+30"]

1. d4 {[%emt 0:00:30]} Nf6 {[%emt 0:00:30]} 2. Nf3 {[%emt 0:00:00]} e6 {[%emt 0:00:00]} 3. c4 {[%emt 0:00:00]} d5 {[%emt 0:01:00]} 4. g3 {[%emt 0:00:00]} Be7 {[%emt 0:00:00]} 5. Bg2 {[%emt 0:00:00]} O-O {[%emt 0:00:00]} 6. O-O {[%emt 0:00:30]} c6 {[%emt 0:01:30]} 7. Nc3 {[%emt 0:00:30]} b6 {[%emt 0:01:30]} 8. Ne5 {[%emt 0:06:30]} Bb7 {[%emt 0:00:30]} 9. cxd5 {[%emt 0:00:30]} cxd5 {[%emt 0:01:30]} 10. Qa4 {[%emt 0:00:30]} a6 {[%emt 0:07:30]} 11. f4 {[%emt 0:17:30]} b5 {[%emt 0:00:30]} 12. Qc2 {[%emt 0:00:30]} Qb6 {[%emt 0:00:30]} 13. e3 {[%emt 0:00:30]} Rc8 {[%emt 0:00:30]} 14. Qf2 {[%emt 0:05:30]} b4 {[%emt 0:07:30]} 15. Na4 {[%emt 0:01:30]} Qb5 {[%emt 0:01:30]} 16. b3 {[%emt 0:00:30]} Nbd7 {[%emt 0:01:30]} 17. g4 {[%emt 0:05:30]} Rc7 {[%emt 0:09:30]} 18. Bd2 {[%emt 0:11:30]} Rac8 {[%emt 0:06:30]} 19. Rac1 {[%emt 0:00:30]} Ne4 {[%emt 0:19:30]} 20. Bxe4 {[%emt 0:01:30]} dxe4 {[%emt 0:00:00]} 21. Nxd7 {[%emt 0:02:30]} Rxd7 {[%emt 0:00:00]} 22. Rxc8+ {[%emt 0:00:30]} Bxc8 {[%emt 0:00:30]} 23. Rc1 {[%emt 0:00:00]} Qb8 {[%emt 0:02:30]} 24. Nc5 {[%emt 0:10:00]} Bxc5 {[%emt 0:00:30]} 25. Rxc5 {[%emt 0:01:30]} Rc7 {[%emt 0:01:30]} 26. Bxb4 {[%emt 0:03:30]} Rxc5 {[%emt 0:00:00]} 27. Bxc5 {[%emt 0:00:30]} Qb5 {[%emt 0:01:00]} 28. Qc2 {[%emt 0:01:30]} Bb7 {[%emt 0:00:30]} 29. g5 {[%emt 0:02:30]} a5 {[%emt 0:01:30]} 30. a4 {[%emt 0:08:30]} Qd3 {[%emt 0:03:30]} 31. Qxd3 {[%emt 0:00:30]} exd3 {[%emt 0:00:30]} 32. Kf2 {[%emt 0:00:30]} Bd5 {[%emt 0:00:30]} 33. b4 {[%emt 0:00:00]} axb4 {[%emt 0:00:00]} 34. Bxb4 {[%emt 0:00:00]} f5 {[%emt 0:01:00]} 35. gxf6 {[%emt 0:01:30]} gxf6 {[%emt 0:00:00]} 36. e4 {[%emt 0:02:42]} Bxe4 {[%emt 0:00:00]} 37. Ke3 {[%emt 0:00:02]} f5 {[%emt 0:00:30]} 38. d5 {[%emt 0:00:09]} Bxd5 {[%emt 0:00:30]} 39. Kxd3 {[%emt 0:00:24]} Kf7 {[%emt 0:00:00]} 40. Kd4 {[%emt 0:00:11]} Kg6 {[%emt 0:03:00]} 41. a5 {[%emt 0:02:28]} Kh5 {[%emt 0:00:00]} 42. Ke5 {[%emt 0:03:39]} Kg4 {[%emt 0:00:00]} 43. Be7 {[%emt 0:00:03]} Kh3 {[%emt 0:00:30]} 44. Kf6 {[%emt 0:00:08]} Kxh2 {[%emt 0:00:30]} 45. Kg5 {[%emt 0:00:10]} Kg3 {[%emt 0:00:00]} 46. Bd6 {[%emt 0:00:03]} Kf3 {[%emt 0:00:00]} 47. Kh6 {[%emt 0:00:07]} Ke4 {[%emt 0:00:30]} 48. Kxh7 {[%emt 0:00:06]} Bc4 {[%emt 0:00:30]} 49. Kg6 {[%emt 0:00:09]} Kd5 {[%emt 0:00:00]} 50. Be5 {[%emt 0:00:05]} Kc6 {[%emt 0:00:00]} 1/2-1/2

[Event "IM Marmaris Karia X 2019"]
[Site "Marmaris"]
[Date "2019.09.02"]
[Round "8.4"]
[White "Nagy, Gabor"]
[Black "Sahin, Ozgun"]
[Result "1-0"]
[WhiteElo "2484"]
[BlackElo "2205"]
[Annotator "TA"]
[PlyCount "51"]
[EventDate "2019.09.02"]
[EventType "schev"]
[EventCountry "TUR"]
[SourceTitle "playchess.com"]
[Source "ChessBase"]
[SourceQuality "1"]

{[%evp 9,51,0,17,6,21,17,38,21,32,34,38,56,57,26,119,127,153,145,218,204,218,204,263,258,289,260,274,225,286,305,445,449,440,445,483,468,799,796,795,755,916,906,1042,919]} 1. d4 d5 2. c4 c6 3. Nf3 Nf6 4. Nc3 e6 5. Qd3 Nbd7 6. g3 {D43: Semi-Slav: 5 Bg5 h6} Bd6 (6... b6 7. Bg2 Ba6 8. b3 Be7 9. O-O O-O 10. Rd1 Rc8 11. e4 c5 12. exd5 exd5 13. Nb5 Bxb5 14. cxb5 Ne4 15. Be3 Bf6 16. Rac1 Qe7 17. dxc5 Ndxc5 18. Qxd5 Nc3 19. Rxc3 Bxc3 {0-1 (41) Shchekachev,A (2552)-Fressinet,L (2660) Nancy 2017}) 7. Bg2 dxc4 8. Qxc4 {White is slightly better.} e5 9. O-O exd4 10. Nxd4 Ne5 $146 ({Predecessor:} 10... O-O 11. Rd1 Nb6 12. Qb3 Qe7 13. Bg5 Be5 {½-½ (41) Wallach,K (2191)-Palmer,T Las Vegas 2004}) 11. Qb3 Qb6 {[#]} (11... Bc5 $11 12. Nf3 Nxf3+ 13. Bxf3 O-O) 12. Rd1 $1 $16 Qxb3 13. axb3 Ke7 (13... Bc7 $16 14. Bf4 O-O) 14. f4 $18 Ng6 {[#]} 15. e4 $1 {[%cal Re4e5] Black must now prevent e5.} Bc5 16. Be3 Ke8 17. h3 a6 18. Kh2 Bg4 19. Rd3 Rd8 (19... Bd7 $142 20. Rad1 h5) 20. e5 {White is clearly winning.} Nd7 21. Ne4 ({Don't play} 21. hxg4 Ndxe5 22. fxe5 Nxe5 $18) 21... Bxd4 22. Rxd4 ({Not} 22. Bxd4 Ndxe5 23. fxe5 Bf5 $18) 22... Be2 (22... Be6 $142 23. f5 {[%mdl 64] Decoy} Bxf5 24. Nd6+ {[%mdl 64] Double Attack} Kf8 25. Nxf5 Ngxe5) 23. Nd6+ Ke7 24. Nf5+ Kf8 25. Rd2 Bb5 {[#]} 26. Bb6 {Played: Be3-c5} 1-0

[Event "IM Marmaris Karia X 2019"]
[Site "Marmaris"]
[Date "2019.09.02"]
[Round "8.5"]
[White "Benidze, Davit"]
[Black "Altun, Arda"]
[Result "1-0"]
[WhiteElo "2431"]
[BlackElo "2151"]
[Annotator "TA"]
[PlyCount "73"]
[EventDate "2019.09.02"]
[EventType "schev"]
[EventCountry "TUR"]
[SourceTitle "playchess.com"]
[Source "ChessBase"]
[SourceQuality "1"]

{[%evp 20,73,38,6,24,11,89,89,88,100,109,108,118,87,86,0,-11,-10,0,0,37,22,31,-17,0,-7,2,2,39,0,0,-8,108,19,72,7,108,38,47,47,61,61,130,147,541,539,499,464,477,462,668,604,752,443,756,728]} 1. d4 d5 2. c4 c6 3. Nf3 Nf6 4. e3 Bf5 5. Nc3 e6 6. Nh4 Bg4 7. Qb3 Qb6 8. h3 Bh5 9. g4 Bg6 10. Nxg6 hxg6 11. Bg2 Nbd7 {D12: Slav Defence: 3 Nf3 Nf6 4 e3 Bf5} 12. Bd2 (12. O-O {seems wilder.} Be7 13. g5 Ne4 14. Nxe4 dxe4 15. Bxe4 Bxg5 16. Bg2) 12... Bd6 (12... g5 $11) (12... O-O-O 13. g5 Ne8 14. c5 Qxb3 15. axb3 a6 16. f4 Nc7 17. Ke2 f5 18. h4 Be7 19. Rh3 {½-½ (71) Magalashvili,D (2504)-Petriashvili,N (2464) Tbilisi 2019}) 13. c5 $146 ({Predecessor:} 13. O-O-O O-O-O 14. Qxb6 axb6 15. e4 Nxe4 16. Nxe4 dxe4 17. Bxe4 Be7 18. Bg2 e5 19. Rhe1 {1-0 (53) Rajcevic,S (2103)-Klasan,V (2276) Belgrade 2007}) 13... Qxb3 {White is better.} 14. axb3 Bc7 15. b4 b5 16. cxb6 Nxb6 17. Na4 (17. b5 $16) 17... Nxa4 $11 18. Rxa4 Kd7 19. Ke2 Ne8 20. Rc1 Nd6 21. b3 Bb6 22. Ra2 Rac8 23. Be1 Rhe8 24. Kd1 f5 25. f4 Rh8 (25... g5 $11) 26. Rac2 ({White should try} 26. g5 $1 $16) 26... Rc7 (26... g5 $11 {keeps the balance.}) 27. Bf1 (27. g5 $16) 27... Ne4 (27... g5 $11) 28. gxf5 (28. g5 $1 $16) 28... gxf5 29. h4 Kd6 30. Bd3 Rh6 (30... Rb8 $14) 31. b5 $1 $16 cxb5 $2 {[%mdl 8192] [#]} ({Not} 31... c5 $2 32. Bxe4 cxd4 33. Rxc7) (31... Rg6 $16 {is a better chance.}) 32. Rxc7 $1 $18 {White is clearly winning.} Bxc7 33. Bxb5 {Threatening mate with Bb4+.} a5 {[#]} 34. b4 $1 {[%cal Bb3b4,Bb4a5][%mdl 32]} Rg6 (34... a4 $142 35. Bxa4 Bd8) 35. bxa5 Rg1 {Threatens to win with ...Bxa5.} 36. Kc2 {White wants to mate with Bb4+.} Rg2+ (36... Bxa5 $142 37. Bxa5 Rxc1+ 38. Kxc1 Ke7 39. Bb4+ Kf7) 37. Kb3 {Accuracy: White = 42%, Black = 17%.} 1-0